Partidos políticos históricos en el Congreso de los Diputados - Estadísticas

Estadísticas generales
  • Esta prueba ha sido intentada 68 veces
    29 desde el último reinicio
  • La puntuación promedio es 29 de 54
Estadísticas de respuestas
Año Partido % Correcto
1986 Izquierda Unida
100%
1989 Partido Popular
100%
1977 Partido Socialista Obrero Español
100%
2015 Podemos
100%
2023 Sumar
100%
1977 Partido Nacionalista Vasco-Euzko Alderdi Jetzalea
96%
1979 Convergència i Unió
92%
1977 Partido Comunista de España
92%
1977 Unión de Centro Democrático
92%
2019 Vox
92%
2015 Ciudadanos-Partido de la Ciudadanía
88%
2015 Euskal Herria Bildu
88%
2019 Junts per Catalunya
88%
1993 Coalición Canaria
83%
1977 Esquerra Republicana de Catalunya
83%
2019 Teruel Existe
83%
1977 Alianza Popular
79%
1996 Bloque Nacionalista Galego
71%
2011 Coalició Compromís
71%
1979 Unión del Pueblo Navarro
71%
1979 Unión Nacional/Falange Española de la JONS
71%
2019 Candidatura d'Unitat Popular
67%
2008 Unión Progreso y Democracia
63%
2019 Partido Regionalista de Cantabria
58%
1979 Herri Batasuna
54%
1982 Centro Democrático y Social
50%
2000 Chunta Aragonesista
50%
2019 Más País
50%
2015 En Comú Podem
46%
2011 Geroa Bai
46%
2023 Més per Mallorca
46%
2016 Nueva Canarias
46%
1979 Partido Andalucista
46%
2023 Más Madrid
38%
2015 En Marea
33%
2011 Foro Asturias/Foro de Ciudadanos
33%
2011 Amaiur
29%
2016 Convergència Democrática de Catalunya
29%
1979 Partido Aragonés
29%
2019 Equo
25%
1977 Euskadiko Ezkerra
21%
1989 Eusko Alkartasuna
21%
2000 Iniciativa per Catalunya Verds
21%
1977 Pacte Democràtic per Catalunya
21%
1986 Unió Valenciana
21%
1979 Unión del Pueblo Canario
17%
2015 Democràcia i Llibertat
13%
2019 En Común
13%
2004 Nafarroa Bai
13%
1986 Agrupaciones Independientes de Canarias
8%
1977 Candidatura Aragonesa Independiente de Centro
8%
1977 Candidatura Independiente de Centro
8%
1986 Coalición Galega
8%
1977 Unió del Centre i la Democràcia Cristiana de Catalunya
8%
No se encontraron pruebas coincidentes
Distribución de puntuación
Porcentaje de gente con cada puntuación
Porcentaje por número respondido
Historial de tus puntuaciones
No has intentado esta prueba desde el último reinicio